000 00467nam a2200169Ia 4500
008 090711s9999 xx 000 0 und d
082 _b44945
100 _aप्रभु प्रकाश गो.
245 _aपालखी
260 _c1982
300 _a124
600 _aप्रभु प्रकाश गो.
630 _aपालखी
700 _aप्रभु प्रकाश गो.
730 _aपालखी
942 _cBOOK
999 _c328061
_d328061